|
|
|
|
| LEADER |
00000cam a22000004a 4500 |
| 001 |
musev2_4603 |
| 003 |
MdBmJHUP |
| 005 |
20230905040547.0 |
| 006 |
m o d |
| 007 |
cr||||||||nn|n |
| 008 |
020118s2003 nyu o 00 0 eng d |
| 010 |
|
|
|z 2002017744
|
| 020 |
|
|
|a 9780791487648
|
| 020 |
|
|
|z 0791455718
|
| 020 |
|
|
|z 9780791455715
|
| 035 |
|
|
|a (OCoLC)55753850
|
| 040 |
|
|
|a MdBmJHUP
|c MdBmJHUP
|
| 050 |
0 |
4 |
|a PN212
|b .P86 2003
|
| 082 |
0 |
|
|a 808
|2 21
|
| 100 |
1 |
|
|a Punday, Daniel.
|
| 245 |
1 |
0 |
|a Narrative after Deconstruction /
|c Daniel Punday.
|
| 264 |
|
1 |
|a Albany :
|b State University of New York Press,
|c 2003.
|
| 264 |
|
3 |
|a Baltimore, Md. :
|b Project MUSE,
|c 2012
|
| 264 |
|
4 |
|c ©2003.
|
| 300 |
|
|
|a 1 online resource (194 pages).
|
| 336 |
|
|
|a text
|b txt
|2 rdacontent
|
| 337 |
|
|
|a computer
|b c
|2 rdamedia
|
| 338 |
|
|
|a online resource
|b cr
|2 rdacarrier
|
| 504 |
|
|
|a Includes bibliographical references (p. 180-190) and index.
|
| 588 |
|
|
|a Description based on print version record.
|
| 650 |
|
0 |
|a Postmodernism (Literature)
|
| 650 |
|
0 |
|a Deconstruction.
|
| 650 |
|
0 |
|a Narration (Rhetoric)
|
| 655 |
|
7 |
|a Electronic books.
|2 local
|
| 710 |
2 |
|
|a Project Muse.
|e distributor
|
| 830 |
|
0 |
|a Book collections on Project MUSE.
|
| 856 |
4 |
0 |
|z Texto completo
|u https://projectmuse.uam.elogim.com/book/4603/
|
| 945 |
|
|
|a Project MUSE - Custom Collection
|
| 945 |
|
|
|a Project MUSE - Archive Complete Foundation
|
| 945 |
|
|
|a Project MUSE - Archive Literature Foundation
|